Statistics for Fonts and Countries

Click here to take the quiz!

General Stats

  • This quiz has been taken 16 times
  • The average score is 7 of 14

Answer Stats

Clue Answer % Correct

The Danube River is sourced here

Germany

93%

Maple syrup, hockey, and bagged milk, eh?

Canada

93%

This country has Africa's highest mountain, Mt. Kilimanjaro

Tanzania

79%

The Taliban ruled it until 2001

Afghanistan

79%

It contains the province of Jiangxi

China

71%

This country has Africa's highest mountain, Mt. Kilimanjaro

Times New Roman

57%

It was the location of the Tet Offensive in 1968

Vietnam

57%

Krakatoa erupted there in 1815

Indonesia

57%

Maple syrup, hockey, and bagged milk, eh?

Calibri

36%

The Taliban ruled it until 2001

Arial

36%

Krakatoa erupted there in 1815

Impact

29%

The Danube River is sourced here

Garamond

21%

It contains the province of Jiangxi

Candara

7%

It was the location of the Tet Offensive in 1968

Verdana

0%

Score Distribution

Percentile by Number Answered

Percent of People with Each Score

Your Score History

You have not taken this quiz